[Event "Manx Liberty Masters 2021"]
[Site "Douglas, Isle of Man"]
[Date "2021.09.18"]
[Round "1.1"]
[White "McShane, Luke J"]
[Black "Piorun, Kacper"]
[Result "1/2-1/2"]
[WhiteElo "2674"]
[BlackElo "2638"]
[Annotator "TA"]
[PlyCount "119"]
[EventDate "2021.09.18"]
[EventType "tourn"]
[EventCountry "GBR"]
[SourceTitle "playchess.com"]
[Source "ChessBase"]
[SourceQuality "1"]

{[%evp 21,119,-3,-9,-17,-6,-2,0,0,0,-6,0,0,0,0,0,0,0,0,0,0,0,0,0,0,0,0,0,0,0,0,0,0,0,0,0,0,0,0,0,0,0,0,0,-16,0,-17,0,0,0,0,0,0,0,0,0,0,0,0,0,0,0,0,0,0,0,0,0,0,0,0,0,0,0,0,17,0,17,0,0,0,0,0,0,0,0,0,0,0,0,0,0,0,0,0,0,-28,0,-54,0,0]} 1. e4 e5 2. Nf3 Nc6 3. Bb5 a6 4. Bxc6 dxc6 5. O-O Bg4 6. h3 h5 7. d3 Qf6 8. Be3 Bxf3 9. Qxf3 Qxf3 10. gxf3 Bd6 11. Nd2 Ne7 12. Rfb1 {C68: Ruy Lopez: Exchange Variation, sidelines.} f6 13. b4 g5 14. a4 Ng6 15. Kf1 {[#]} h4 $146 ({Predecessor:} 15... Kd7 16. Ke2 Rhg8 17. Nc4 Nf4+ 18. Bxf4 gxf4 19. c3 b6 20. d4 Ke6 21. Rd1 Rad8 {1-0 (44) Sanal,V (2502)-Sirosh,I (2380) Batumi 2018}) 16. c4 Nf8 17. c5 Be7 18. Nb3 Ne6 19. Ke2 Kf7 20. d4 Rhd8 {[%cal Re5d4]} 21. dxe5 fxe5 22. Na5 Rab8 23. Rd1 Bf6 24. Rxd8 Nxd8 25. Nc4 Ne6 26. Rb1 Ke7 27. Kf1 Kd7 28. Rd1+ Ke7 29. Rb1 Kd7 30. Rd1+ Ke7 31. Rc1 Kd7 32. Bd2 Nd4 33. Kg2 Ke7 34. Be3 Ne6 35. Na5 Kd7 36. Rd1+ Ke7 37. Rd2 Ke8 38. Kf1 Ke7 39. Ke2 Ke8 40. Ke1 Ke7 41. Kd1 Ke8 42. Kc2 Ke7 43. Rd1 Ke8 44. Kc3 Be7 45. Ra1 Kd7 46. Nc4 Bf6 47. Rd1+ Ke7 48. Kc2 (48. Na5 {is interesting.} Rd8 49. Rh1 Rb8 50. Re1 Kd7 51. Rb1) 48... Ke8 (48... Rd8 {keeps more tension.} 49. Rg1 Kd7 50. Rh1 Rf8 51. Rd1+ Kc8) 49. Nb2 (49. Na5 {looks sharper.} Ke7 50. Rg1 Ke8 51. Rb1 Ke7 52. Kd3) 49... Ke7 50. Nd3 Rf8 51. Kd2 Ra8 52. Rb1 Kd7 53. Ke2 Ke7 54. Rb2 Kd7 55. Bd2 Rg8 56. Be3 Ra8 57. Ne1 Be7 58. Rb1 Bf6 59. Nc2 (59. Nd3 $11) 59... Ke7 (59... a5 $1 $15) 60. Ne1 {Not much happened in this game.  Weighted Error Value: White=0.04/Black=0.04} 1/2-1/2

[Event "Manx Liberty Masters 2021"]
[Site "Douglas, Isle of Man"]
[Date "2021.09.18"]
[Round "1.2"]
[White "Parligras, Mircea-Emilian"]
[Black "Erdos, Viktor"]
[Result "1/2-1/2"]
[WhiteElo "2583"]
[BlackElo "2622"]
[Annotator "TA"]
[PlyCount "90"]
[EventDate "2021.09.18"]
[EventType "tourn"]
[EventCountry "GBR"]
[SourceTitle "playchess.com"]
[Source "ChessBase"]
[SourceQuality "1"]

{[%evp 15,90,0,19,0,0,0,0,0,0,-20,0,0,0,0,0,0,0,19,8,0,5,0,0,-4,-4,-4,-8,0,0,-14,0,0,0,0,0,-39,-41,-30,-38,-30,0,0,0,-84,-77,-141,-138,-141,-85,-77,-49,-55,-39,-39,-39,-39,-42,-42,-38,-35,-14,-14,-14,-14,-14,-14,0,0,0,0,0,0,0,0,0,0,0]} 1. d4 Nf6 2. c4 g6 3. Nc3 d5 4. cxd5 Nxd5 5. e4 Nxc3 6. bxc3 Bg7 7. Nf3 c5 8. h3 O-O 9. Be3 {D85: Exchange Grünfeld: Unusual White 7th moves and lines with 7 Nf3.} Qa5 {[#] ...cxd4 is the strong threat.} 10. Bd2 Qa3 11. Be2 b6 12. O-O cxd4 13. cxd4 Bb7 {[#]} 14. e5 $146 ({Predecessor:} 14. d5 Nd7 15. Bg5 Rfe8 16. Bb5 Rad8 17. Rc1 h6 18. Bh4 a6 19. Bc6 Bxc6 20. Rxc6 Qxa2 {1-0 (51) Parligras,M (2591)-Daianu,C (2224) Chess.com INT 2020}) 14... Bd5 15. Bc1 Qc3 16. Be3 Nc6 17. Rc1 Qa3 18. Bc4 Nb4 19. Bd2 {aiming for Bxb4.} Bxc4 20. Rxc4 Nd5 21. Qc2 e6 22. Rc1 a5 23. h4 h6 24. h5 gxh5 25. Nh4 Rfd8 26. g3 b5 27. Rc5 Nb4 28. Bxb4 axb4 29. Rxb5 (29. d5 $11 {remains equal.} Qxa2 30. Qxa2 Rxa2 31. dxe6 fxe6 32. Rxb5) 29... Rxd4 $17 30. Qc7 {[#]} (30. Kg2 $142) 30... Rad8 $1 31. Kg2 {next Rb7 is good for White.} Qa8+ (31... Qxa2 $142 {And now ...Rd2 would win.} 32. Nf3 R4d7) 32. Qb7 Qxb7+ (32... Rd2 {feels hotter.} 33. Nf3 Re2 34. Qc7 Rf8 35. Ra5 Qe4) 33. Rxb7 Bxe5 34. Nf3 Re4 {Strongly threatening ...Bc3.} 35. Nxe5 Rxe5 36. Rxb4 $15 {[%mdl 4096] Endgame KRR-KRR} Rd2 37. Rf4 Rxa2 {White should prevent ...Raa5.} 38. Rc7 $1 {The position is equal.} Rf5 39. Rxf5 exf5 $11 {KR-KR} 40. Rc5 h4 41. gxh4 Ra4 42. Kg3 Rg4+ 43. Kh3 $1 Rf4 44. Kg3 Rg4+ 45. Kh3 $1 Rf4 {Weighted Error Value: White=0.09/Black=0.06} 1/2-1/2

[Event "Manx Liberty Masters 2021"]
[Site "Douglas, Isle of Man"]
[Date "2021.09.18"]
[Round "1.3"]
[White "Csonka, Balazs"]
[Black "Lupulescu, Constantin"]
[Result "1/2-1/2"]
[WhiteElo "2496"]
[BlackElo "2660"]
[Annotator "TA"]
[PlyCount "79"]
[EventDate "2021.09.18"]
[EventType "tourn"]
[EventCountry "GBR"]
[SourceTitle "playchess.com"]
[Source "ChessBase"]
[SourceQuality "1"]

{[%evp 13,79,15,19,22,27,16,35,28,51,2,12,0,5,0,0,-7,0,-7,0,-14,-13,-21,-18,-14,-3,-20,-20,-15,-22,-27,-20,-8,-7,-8,-14,-47,-36,-39,-35,-35,-35,-41,-35,-35,-35,-35,-35,-38,-35,-66,-35,-64,-4,-42,0,0,0,-2,0,0,0,0,0,0,0,0,0,0]} 1. d4 Nf6 2. c4 e6 3. Nc3 d5 4. cxd5 exd5 5. Bg5 c6 6. e3 Be7 7. Bd3 Nbd7 8. h3 {8.Nge2 is setting a new trend. D35: Queen's Gambit Declined: Exchange Variation.} Nb6 9. Nf3 Nh5 10. Bxe7 {White is slightly better.} Qxe7 11. Qe2 g6 12. O-O-O Ng7 13. g4 Be6 {[#]} 14. Nd2 $146 ({Predecessor:} 14. Kb1 O-O-O 15. Qc2 Kb8 16. Nd2 Ne8 17. Nb3 Nd6 18. Nc5 Bc8 19. Ka1 h5 20. Qe2 hxg4 21. hxg4 {1-0 (74) Ambartsumova,K (2379)-Dordzhieva,D (2340) Sochi 2018}) 14... O-O-O 15. Nb3 Kb8 16. Qf3 h5 17. Nc5 Bc8 18. Kb1 Rh7 19. Ne2 Rdh8 20. Nf4 hxg4 21. hxg4 Nd7 22. Nxd7+ Bxd7 23. Rxh7 Rxh7 24. Be2 (24. Rg1 {keeps more tension.} Ne8 25. a3 Nd6 26. Ka1 Ka8 27. Bc2) 24... Qe4+ 25. Nd3 Qxf3 26. Bxf3 g5 27. Kc1 f6 28. Kd2 Ne8 29. Rg1 Nd6 30. Ke1 Rh2 31. Kf1 Nc4 32. Rg3 Nd2+ (32... Kc7 $15) 33. Kg1 (33. Ke1 {looks sharper.} Nxf3+ 34. Rxf3 Rh6 35. Rg3 Kc7 36. f4) 33... Nxf3+ (33... Rh4 {is interesting.} 34. Be2 Kc7 35. Kg2 b6 36. Rh3 Rxh3 37. Kxh3 Kd6) 34. Rxf3 $15 {[%mdl 4096] Endgame KRB-KRN. The position is equal.} Rh6 ({Don't play} 34... Bxg4 $6 35. Rxf6 Rh7 36. Ne5 $16) 35. Rg3 b6 36. f4 Rg6 37. f5 Rh6 38. e4 dxe4 39. Nf2 Be8 40. Nxe4 {Weighted Error Value: White=0.08/Black=0.08} 1/2-1/2

[Event "Manx Liberty Masters 2021"]
[Site "Douglas, Isle of Man"]
[Date "2021.09.18"]
[Round "1.4"]
[White "Pert, Richard G"]
[Black "Galyas, Miklos"]
[Result "1/2-1/2"]
[WhiteElo "2416"]
[BlackElo "2448"]
[Annotator "NA"]
[PlyCount "60"]
[EventDate "2021.09.18"]
[EventType "tourn"]
[EventCountry "GBR"]
[SourceTitle "playchess.com"]
[Source "ChessBase"]
[SourceQuality "1"]
[TimeControl "40/5400+30:900+30"]

1. e4 {[%emt 0:00:00]} d6 {[%emt 0:00:00]} 2. d4 {[%emt 0:00:00]} Nf6 {[%emt 0:00:00]} 3. Nc3 {[%emt 0:00:00]} g6 {[%emt 0:00:00]} 4. Be3 {[%emt 0:00:00]} a6 {[%emt 0:00:00]} 5. Nf3 {[%emt 0:00:00]} Bg7 $14 {[%emt 0:00:00]} 6. h3 {[%emt 0:00:00]} O-O {[%emt 0:00:00]} 7. Bd3 {[%emt 0:00:26]} Nc6 {[%emt 0:00:00]} 8. d5 {[%emt 0:05:08]} Ne5 {[%emt 0:00:00]} 9. Nxe5 {[%emt 0:04:41]} dxe5 {[%emt 0:00:22]} 10. Qe2 {[%emt 0:11:16]} e6 {[%emt 0:05:40]} 11. dxe6 {[%emt 0:03:23]} Bxe6 {[%emt 0:06:18]} 12. O-O-O {[%emt 0:03:35]} Qe7 {[%emt 0:04:09]} 13. Bc4 {[%emt 0:03:53]} c6 {[%emt 0:17:00]} 14. Kb1 {[%emt 0:12:45]} Rfd8 {[%emt 0:07:44]} 15. Bxe6 {[%emt 0:07:19]} Qxe6 {[%emt 0:00:15]} 16. Rxd8+ {[%emt 0:00:15]} Rxd8 {[%emt 0:00:18]} 17. Rd1 {[%emt 0:00:11]} Rxd1+ {[%emt 0:02:42]} 18. Qxd1 {[%emt 0:01:47]} Nd7 {[%emt 0:00:19]} 19. Na4 {[%emt 0:03:38]} Bf8 {[%emt 0:03:09]} 20. Nb6 {[%emt 0:02:42]} Nxb6 {[%emt 0:01:11]} 21. Bxb6 {[%emt 0:00:08]} Be7 {[%emt 0:09:22]} 22. b3 {[%emt 0:02:28]} h5 {[%emt 0:03:49]} 23. Be3 {[%emt 0:03:06]} Qd6 {[%emt 0:13:55]} 24. Qxd6 {[%emt 0:02:23]} Bxd6 {[%emt 0:00:25]} 25. c4 {[%emt 0:02:54]} Kf8 {[%emt 0:05:15]} 26. Kc2 {[%emt 0:00:10]} Ke7 {[%emt 0:00:09]} 27. f3 {[%emt 0:04:19]} Ke6 {[%emt 0:02:29]} 28. Kd3 {[%emt 0:00:33]} Be7 {[%emt 0:01:29]} 29. Ke2 {[%emt 0:02:45]} Bd6 {[%emt 0:00:08]} 30. Kd3 {[%emt 0:00:07]} Be7 {[%emt 0:00:05]} 1/2-1/2

[Event "Manx Liberty Masters 2021"]
[Site "Douglas, Isle of Man"]
[Date "2021.09.18"]
[Round "1.5"]
[White "Kolbus, Dietmar"]
[Black "Gavrilescu, David"]
[Result "0-1"]
[WhiteElo "2295"]
[BlackElo "2477"]
[Annotator "TA"]
[PlyCount "112"]
[EventDate "2021.09.18"]
[EventType "tourn"]
[EventCountry "GBR"]
[SourceTitle "playchess.com"]
[Source "ChessBase"]
[SourceQuality "1"]

{[%evp 11,112,0,0,15,12,11,9,6,12,1,0,-23,-25,-32,41,4,10,-3,17,-14,18,14,12,14,20,14,4,-1,40,-43,-42,-86,-93,-329,-327,-341,-324,-320,-271,-248,-270,-272,-258,-259,-241,-246,-238,-310,-143,-259,-259,-325,-335,-327,-297,-298,-108,-529,-543,-871,-680,-656,-639,-567,-196,-400,-197,-183,0,-526,-532,-505,-189,-197,-196,-459,-719,-679,-709,-672,-667,-554,-470,-6203,-6287,-5393,-1573,-29963,-29963,-29965,-29969,-29967,-29968,-29970,-29971,-29971,-29972,-29972,-29973,-29973,-29974,-29973,-29974]} 1. c4 e5 2. Nc3 d6 3. d4 exd4 4. Qxd4 Nc6 5. Qd2 Nf6 6. e4 g6 7. Bd3 {A53: Old Indian Defence without Nf3.} Bg7 8. Nge2 O-O 9. O-O {The position is equal.} Re8 {[#]} 10. f3 $146 ({Predecessor:} 10. Rb1 Nb4 11. Ng3 h5 12. f3 c6 13. Rd1 h4 14. Nh1 Be6 15. Bf1 d5 16. a3 {1-0 (27) Lehtivaara,P (2376)-Mishuchkov,N (2355) Finland 2007}) 10... Ne5 11. b3 c6 12. Bc2 Be6 (12... b5 $15) 13. Rb1 Qb6+ 14. Kh1 d5 15. Na4 $1 {[%cal Ra4b6]} Qc7 16. f4 {Black must now prevent exd5.} Neg4 17. e5 Ne4 18. Bxe4 dxe4 19. Nd4 f5 20. exf6 {[#]} (20. h3 $14 Nh6 21. Nxe6 Rxe6 22. Rd1) 20... e3 $1 21. Qe2 (21. Nxe6 Rxe6) 21... Nf2+ 22. Kg1 $2 {[#]} (22. Rxf2 $17 exf2 23. Nxe6 (23. fxg7 $2 Bf5 $19 {[%mdl 64] Discovered Attack}) 23... Bxf6 24. Nac5 (24. Nxc7 $2 {too greedy.} Rxe2 25. Bd2 Rc8 $19)) 22... Bg4 $1 $19 23. Nf3 Bxf6 24. h3 Bxf3 (24... Qxf4 25. hxg4 Nxg4 26. Nc5 $15) 25. Qxf3 Bd4 26. Bb2 Rad8 27. Rbe1 Qg7 28. Bxd4 Qxd4 29. Re2 Re4 (29... Ne4 $19 {has better winning chances.} 30. Rfe1 Nd2) 30. Rfe1 (30. g3 $17 {was the only chance.}) 30... Rde8 ({Weaker is} 30... Rxf4 31. Qxe3 Qxe3 32. Rxe3 $11) 31. Nb2 Rxf4 32. Qg3 Rfe4 33. Kh2 Kg7 $2 (33... c5 $19 34. Na4 R4e7) 34. Kg1 $2 {[%mdl 8192]} (34. c5 $17) 34... h5 35. Qc7+ R8e7 36. Qb8 Qf6 37. Nd1 {[%cal Re2e3]} Qg5 (37... Nd3 38. Rf1 Rf4 39. Rxf4 Nxf4 40. Rxe3 Rxe3 41. Nxe3 Ne2+ 42. Kh2 Qf2 43. Qe5+ Kf7) 38. Kh2 $2 (38. Rxe3 Nxh3+ 39. Kh2) 38... Re8 (38... h4 $142 39. Rf1 Rf4 40. Nxf2 Qg3+ {[%mdl 64] Pin} 41. Kg1 Rxf2 {[%mdl 64] Discovered Attack} 42. Qxg3 hxg3) 39. Qc7+ R8e7 $2 (39... Kh6 $19 {...Nd3 is the strong threat.} 40. Rf1 R4e7) 40. Qg3 $2 {[%mdl 8192]} (40. Qb8 $1 $11 {and White stays safe.}) 40... Qxg3+ 41. Kxg3 {[%cal Re2e3]} h4+ $2 (41... Nd3 42. Nc3 h4+ 43. Kh2 R4e5) 42. Kh2 {[%cal Re2e3]} Nd3 43. Nc3 $2 (43. Rf1) 43... Nxe1 44. Nxe4 {[#]} Nxg2 $1 {[%mdl 512]} 45. Kxg2 Rxe4 {[%mdl 4096] Endgame KR-KR} 46. Kf3 Re5 47. Rxe3 (47. b4 $142 Kf6 48. b5) 47... Rxe3+ 48. Kxe3 {KP-KP} Kf6 (48... c5 $142 49. Ke4 Kf6) 49. c5 Kf5 {Black mates.} 50. b4 g5 51. Kf3 a6 52. a3 g4+ 53. hxg4+ Kg5 54. a4 h3 55. Kg3 h2 {[%mdl 64] Deflection} 56. Kxh2 Kxg4 {Weighted Error Value: White=0.79/Black=0.63} 0-1

[Event "Manx Liberty Masters 2021"]
[Site "Douglas, Isle of Man"]
[Date "2021.09.19"]
[Round "2.1"]
[White "Galyas, Miklos"]
[Black "McShane, Luke J"]
[Result "1/2-1/2"]
[WhiteElo "2448"]
[BlackElo "2674"]
[Annotator "TA"]
[PlyCount "99"]
[EventDate "2021.09.18"]
[EventType "tourn"]
[EventCountry "GBR"]
[SourceTitle "playchess.com"]
[Source "ChessBase"]
[SourceQuality "1"]

{[%evp 9,99,8,32,23,26,16,17,12,55,50,75,63,76,63,95,92,141,82,82,71,93,84,96,100,121,95,108,101,110,83,79,81,94,98,104,93,103,69,62,58,91,70,73,80,80,34,63,74,75,21,68,69,82,68,127,115,125,100,93,83,137,61,146,121,168,156,150,35,72,61,59,0,0,0,0,0,0,0,0,0,0,0,0,0,0,0,0,0,0,0,0,0]} 1. c4 c5 2. g3 g6 3. Bg2 Bg7 4. Nc3 Nc6 5. Nf3 Nh6 6. d4 {A37: Symmetrical English vs ...g6: 4 Bg2 Bg7 5 Nf3.} cxd4 {[#]} 7. Nxd4 {7.Nxd4 is better than 7.Bxh6.} O-O (7... Nxd4 8. Bxh6) 8. Nc2 b6 9. O-O Nf5 {[#]} 10. Qd2 $146 ({Predecessor:} 10. Rb1 Ba6 11. Nb5 Rc8 12. b3 Bxb5 13. cxb5 Ncd4 14. Nxd4 Nxd4 15. a4 Rc2 16. e3 {0-1 (52) Mareco,S (2461)-Iturrizaga Bonelli,E (2694) Chess.com INT 2017}) 10... Bb7 11. b3 Qb8 12. Bb2 Rd8 13. e4 ({Better is} 13. Rad1) 13... Qd6 $16 14. Qe1 Nfd4 15. Nxd4 Qxd4 16. Rd1 Qe5 17. Ba1 Qb8 18. f4 d6 19. Nd5 Bxa1 20. Rxa1 e6 21. Nf6+ Kg7 22. Ng4 f6 23. Qc3 (23. Qd2 {looks sharper.} h5 24. Ne3 Qc7 25. Rad1 Ne7 26. Rf2) 23... Rf8 24. Rad1 {Hoping for e5!} Qc7 25. Qd2 h5 26. Ne3 $36 {[%mdl 2048] White is in control.} Rad8 27. Qc3 Qf7 28. Rf2 e5 29. Rfd2 (29. Nc2 $16) 29... Qc7 30. h4 Nd4 31. f5 b5 ({Black should try} 31... gxf5 $14 32. Rxd4 exd4 33. Nxf5+ {[%mdl 64] Double Attack} Kf7 34. Rxd4 Bc8) 32. fxg6 Kxg6 33. Rxd4 exd4 34. Rxd4 bxc4 (34... d5 $142) 35. bxc4 (35. Kh2 $16) 35... Bc8 (35... d5 $14) 36. Nd5 {[%mdl 1024] White has strong compensation.} Qc5 37. Kh2 Bg4 38. Qd2 (38. Nf4+ $16 Kh6 39. Bf3) 38... Rde8 39. Nf4+ {[%mdl 64] [#] Discovered Attack} Kg7 $1 40. Rd5 ({White should play} 40. Qd3 $1 $14 Re5 41. Rxd6) 40... Qxc4 $11 {The position is equal.} 41. Nxh5+ Bxh5 42. Rxh5 {Black must now prevent Qh6+.} Re5 43. Qh6+ Kf7 44. Rxe5 fxe5 {[%mdl 4096] Endgame KQR-KQB} 45. Qh7+ Ke8 46. Qxa7 Qc2 {aiming for ...Rf2.} 47. Qb8+ Ke7 48. Qb7+ Ke6 49. Qd5+ Ke7 {And now ...Rf2! would win.} 50. Qb7+ {Weighted Error Value: White=0.16/Black=0.17} 1/2-1/2

[Event "Manx Liberty Masters 2021"]
[Site "Douglas, Isle of Man"]
[Date "2021.09.19"]
[Round "2.2"]
[White "Lupulescu, Constantin"]
[Black "Gavrilescu, David"]
[Result "1/2-1/2"]
[WhiteElo "2660"]
[BlackElo "2477"]
[Annotator "TA"]
[PlyCount "63"]
[EventDate "2021.09.18"]
[EventType "tourn"]
[EventCountry "GBR"]
[SourceTitle "playchess.com"]
[Source "ChessBase"]
[SourceQuality "1"]

{[%evp 10,63,28,27,16,20,24,24,25,33,70,32,27,26,31,11,25,-16,65,46,50,10,55,40,50,27,38,10,11,13,35,29,45,50,38,6,6,19,16,15,11,8,12,12,27,27,83,30,25,27,35,0,2,0,0,0]} 1. e4 e6 2. d4 d5 3. exd5 exd5 4. Nf3 Bd6 5. c4 c6 6. c5 Bc7 {C01: French: Exchange Variation.} 7. Bd3 Ne7 8. O-O Nd7 {[%cal Bb8d7,Bd7f8,Bf8e6][%mdl 32] [#] White has an edge.} 9. Re1 $146 ({Predecessor:} 9. Nc3 Nf6 10. Bg5 Ng6 11. Re1+ Be6 12. Ne5 Qe7 13. b4 O-O 14. Nxg6 fxg6 15. h3 {1-0 (40) Cerrato Torrijos,M (1770)-Rey Malde,H (1360) Linares 2007}) 9... Nf8 10. h3 Ne6 11. Qc2 h6 12. Nc3 O-O 13. Ne2 b6 (13... Ng6 $11) 14. Be3 Rb8 15. Rab1 a5 (15... Ng6 $5) 16. cxb6 Rxb6 17. Bd2 Rb8 18. b4 (18. b3 {keeps more tension.} Bd6 19. Ng3 Qb6 20. Rbd1 Nxd4 21. Nxd4 Qxd4 22. Bxh6 Qh4 23. Be3) 18... axb4 19. Bxb4 Bd6 20. Bxd6 Qxd6 21. Rxb8 Qxb8 22. a4 Qa7 23. Ra1 Ba6 24. Bxa6 Qxa6 25. Nc1 Ra8 26. a5 Qb5 27. Nb3 g6 {[#]} (27... Nf5 $11 {keeps the balance.}) 28. g3 ({White should play} 28. Nc5 $1 $16 {[%cal Rc5e6]}) 28... Nf5 $11 29. Qc3 Nd6 30. Nfd2 Nc4 31. Nxc4 Qxc4 32. Rc1 {Weighted Error Value: White=0.12/Black=0.15} 1/2-1/2

[Event "Manx Liberty Masters 2021"]
[Site "Douglas, Isle of Man"]
[Date "2021.09.19"]
[Round "2.4"]
[White "Piorun, Kacper"]
[Black "Pert, Richard G"]
[Result "1-0"]
[WhiteElo "2638"]
[BlackElo "2416"]
[Annotator "TA"]
[PlyCount "59"]
[EventDate "2021.09.18"]
[EventType "tourn"]
[EventCountry "GBR"]
[SourceTitle "playchess.com"]
[Source "ChessBase"]
[SourceQuality "1"]

{[%evp 10,59,41,16,22,19,17,11,11,18,26,8,0,-27,-22,-35,-35,-26,-24,-31,0,0,7,0,21,-85,0,0,46,30,41,-28,0,0,0,0,55,52,62,67,247,252,239,239,246,252,215,49,553,542,4802,4798]} 1. e4 c6 2. d4 d5 3. Nc3 dxe4 4. Nxe4 Nf6 5. Nxf6+ exf6 6. Be3 Bd6 {B15: Caro-Kann: 3 Nc3: 3...g6 and 3...dxe4 4 Nxe4 Nf6 5 Nxf6+ exf6.} 7. Bd3 Na6 8. a3 Nc7 {The position is equal.} 9. c4 {[#]} b5 $146 ({Predecessor:} 9... O-O 10. Ne2 Re8 11. Qc2 g6 12. h4 f5 13. Bg5 Be7 14. Bxe7 Qxe7 15. O-O-O b5 {0-1 (48) Lentjes,N (2239)-Lizak,P (2454) Schwarzach 2016}) 10. Qf3 {And now c5 would win.} O-O 11. cxb5 (11. b3 {is interesting.} Rb8 12. Ne2 bxc4 13. bxc4 Rb3 14. Bc2) 11... cxb5 12. Be4 Rb8 13. Ne2 b4 14. a4 f5 15. Bxf5 Bb7 16. Be4 Ba6 17. Ng3 (17. Rd1 $11 {keeps the balance.}) 17... g6 (17... b3 $17 18. Nf5 Ne8) 18. Nf5 $1 $11 f6 19. Nxd6 Qxd6 20. Bh6 (20. Rc1 $14) 20... Qxd4 21. Rd1 ({Wrong is} 21. Bxf8 $2 Re8 $19) 21... Qxb2 22. Bxf8 Rxf8 (22... Kxf8 $11 23. Qe3 Re8) 23. Bd3 $1 $14 {[#] aiming for 0-0.} Qe5+ 24. Kf1 $1 Rd8 $2 ({Better is} 24... Bc8 $1 $14) 25. Bxa6 $18 Rxd1+ 26. Qxd1 Nxa6 27. h4 ({And not} 27. Qd8+ Kg7 $11) 27... Nc5 {[#]} 28. h5 $2 (28. Rh3 $1 $18) 28... Ne4 $2 {[%mdl 8192]} (28... b3 $1 $14) 29. hxg6 {Intending Qb3+ and mate.} Nd2+ 30. Qxd2 {Weighted Error Value: White=0.23/Black=0.61} 1-0

[Event "Manx Liberty Masters 2021"]
[Site "Douglas, Isle of Man"]
[Date "2021.09.19"]
[Round "2.5"]
[White "Parligras, Mircea-Emilian"]
[Black "Csonka, Balazs"]
[Result "1-0"]
[WhiteElo "2583"]
[BlackElo "2496"]
[Annotator "TA"]
[PlyCount "111"]
[EventDate "2021.09.18"]
[EventType "tourn"]
[EventCountry "GBR"]
[SourceTitle "playchess.com"]
[Source "ChessBase"]
[SourceQuality "1"]

{[%evp 23,111,0,0,0,0,0,0,0,0,0,0,0,0,0,0,0,22,15,24,21,27,30,33,35,36,36,22,29,27,28,24,0,23,29,20,0,36,0,111,109,102,70,69,64,57,57,57,57,62,57,57,57,57,56,143,140,137,91,50,75,67,17,17,17,493,490,450,425,557,558,512,395,664,731,1456,1241,12836,12836,12837,12837,12837,12838,12839,12840,12841,12841,12843,12841,27999,27999]} 1. d4 d5 2. c4 e6 3. Nc3 c6 4. e3 Nf6 5. Nf3 Nbd7 6. Qc2 Bd6 7. b3 O-O 8. Be2 b6 9. O-O Bb7 10. Bb2 Qe7 11. Rad1 Rad8 12. Rfe1 Rfe8 13. Bf1 {D45: Semi-Slav: 5 e3.} e5 14. dxe5 Nxe5 15. Nd4 {The position is equal.} dxc4 16. Nf5 Qe6 17. Nxd6 Rxd6 18. Rxd6 Qxd6 19. Rd1 Qe6 20. Ne4 cxb3 21. axb3 Nxe4 22. Qxe4 {[#] aiming for Bxe5.} f6 23. Bxe5 Qxe5 {[#]} 24. Bc4+ $146 ({Predecessor:} 24. Qc4+ Kh8 25. Rd7 Bc8 26. Rxa7 Be6 27. Qxc6 Bxb3 28. Qxb6 Rb8 29. Rb7 Rxb7 30. Qxb7 {½-½ (75) Unuk,L (2299)-Beydullayeva,G (2202) Manavgat 2018}) 24... Kh8 25. Qxe5 fxe5 $11 {[%mdl 4096] Endgame KRB-KRB} 26. Rd7 Rb8 27. Re7 c5 28. Rxe5 Bc6 29. f4 a5 30. Bd5 Be8 (30... Bxd5 $11 {keeps the balance.} 31. Rxd5 Kg8) 31. Re7 $16 a4 32. bxa4 Bxa4 33. Rc7 g6 34. Kf2 b5 $1 35. Rxc5 b4 36. Be4 b3 37. Rc4 Bd7 38. Bb1 Ra8 ({Black should play} 38... Rb7 $14) 39. Rb4 Be6 40. Bd3 Ra2+ 41. Kf3 Rd2 42. Bc4 (42. Be4 {feels hotter.} Bf7 43. h3 Kg7 44. Rb7 Kf8 45. Rb6) 42... Bxc4 43. Rxc4 $11 {KR-KR} Rd1 $2 {[%mdl 8192] This move loses the game for Black.} (43... b2 $11 {and Black has nothing to worry.} 44. Rb4 Kg7) 44. Rb4 $18 Rb1 45. Rb7 b2 {Strongly threatening ...Rf1+.} 46. Ke4 Kg8 47. g3 Kf8 $2 (47... h6 48. Ke5 Ra1 49. Rxb2 Ra5+ 50. Ke4 Ra4+ 51. Kd5 Ra5+ 52. Ke4 Ra1 53. Rb8+ Kf7 54. Rb7+ Kf6) 48. Ke5 Re1 49. Rxb2 Rxe3+ {[#]} 50. Kf6 $1 Re8 51. Kg5 Kg8 52. Kh6 Rd8 53. Rb7 Rd2 54. Rg7+ Kf8 55. Kxh7 Rxh2+ 56. Kxg6 {Weighted Error Value: White=0.10/Black=0.57} 1-0